000 00565nmm a2200217 a 4500
003 AR-BaBNM
005 20251128202650.0
008 011101s2003 ||||||||||||||000 | spa||
020 _a970-24-0354-5
040 _cAR-BaBNM
100 1 _aHinkelman, Edward G.
245 1 0 _aDiccionario de Comercio Internacional
250 _a1ª ed.
260 _aMéxico, D.F.
_bCompañía Editorial Continental
_c2003
300 _a538 p.
_bil., mapas
650 4 _aDICCIONARIOS
650 4 _aCOMERCIO INTERNACIONAL
655 _aREFERENCIA
942 _cBK
998 _cBertuna
999 _c42
_d42